00461nam a22001457a 450000500170000000800410001702000150005804100130007308200180008610000130010424500830011726000610020030000290026165000250029020231130094723.0231130b |||||||| |||| 00| 0 eng d a9982110047 aEnglish  a339.3688 AUL  lEnglish  aEconomic Development Strategies for Indpendent Namibia /cedited by NK Duggal  aLusaka : bUnited Nations Institute for Namibia, c1989  bx, 213 pages ; c24 cm.  aLegal practice bLaw